Statistics for NFL Fouls and Penalites

Click here to take the quiz!

General Stats

  • This quiz has been taken 45 times
  • The average score is 8 of 15

Answer Stats

QuestionAnswer% Correct
Delay of Game5 yard penalty
81%
Offside5 yard penalty
78%
Roughing the Kicker/Holder15 yard penalty and an automatic first down
76%
Punching or Kicking an Opponent (or opposing coach)15 yard penalty, an automatic first down, an automatic disqualification
73%
2nd Unsportsmanlike Foul By the Same Player In The Same Gameall the above
73%
Fair Catch Interference15 yard penalty
68%
Contact With an Officialall the above
68%
Too Many Men on the Field5 yard penalty
51%
Offensive Illegal Use of Hands10 yard penalty
46%
Defensive Holding5 yard penalty and an automatic first down
46%
Illegal Block in the Back10 yard penalty
41%
Offensive Pass Interference10 yard penalty
41%
Tripping10 yard penalty
30%
Leverage15 yard penalty and an automatic first down
30%
Illegal Touch Kick/Pass5 yard penalty
16%

Score Distribution

Percentile by Number Answered

Percent of People with Each Score

Your Score History

You have not taken this quiz